[Event "37th Reykjavik op"]
[Site "Reykjavik ISL"]
[Date "2024.03.16"]
[Round "3.32"]
[White "Xu, Yuanyuan"]
[Black "Adhiban, B.."]
[WhiteElo "2288"]
[BlackElo "2541"]
[Result "0-1"]
[EventDate "2024.03.15"]
[PlyCount "70"]

1. d4 { [%eval 0.15] [%clk 1:30:58] } 1... d5 { [%eval 0.25] [%clk 1:30:56] } 2. c4 { [%eval 0.26] [%clk 1:30:49] } 2... e6 { [%eval 0.28] [%clk 1:31:21] } 3. Nc3 { [%eval 0.24] [%clk 1:31:07] } 3... c6 { [%eval 0.18] [%clk 1:29:30] } 4. cxd5 { [%eval 0.0] [%clk 1:27:27] } 4... exd5 { [%eval 0.12] [%clk 1:29:55] } 5. Bf4 { [%eval 0.14] [%clk 1:27:44] } 5... Bd6 { [%eval 0.24] [%clk 1:17:14] } 6. Bxd6 { [%eval 0.17] [%clk 1:25:49] } 6... Qxd6 { [%eval 0.16] [%clk 1:17:42] } 7. e3 { [%eval 0.13] [%clk 1:26:10] } 7... Bf5 { [%eval 0.12] [%clk 1:18:04] } 8. g4 { [%eval 0.16] [%clk 1:22:49] } 8... Be6 { [%eval 0.17] [%clk 1:16:39] } 9. Bd3 { [%eval -0.11] [%clk 1:19:06] } 9... Nd7 { [%eval 0.18] [%clk 1:16:53] } 10. f4 { [%eval 0.14] [%clk 1:14:39] } 10... f6 { [%eval 0.41] [%clk 1:13:12] } 11. f5 { [%eval 0.27] [%clk 1:06:03] } 11... Bf7 { [%eval 0.44] [%clk 1:13:40] } 12. Nge2 { [%eval 0.01] [%clk 1:06:15] } 12... Ne7 { [%eval 0.26] [%clk 1:10:28] } 13. Qc2 { [%eval -0.05] [%clk 0:57:49] } 13... O-O?! { [%eval 0.94] } { Inaccuracy. c5 was best. } { [%clk 1:04:58] } (13... c5) 14. Nf4 { [%eval 1.01] [%clk 0:45:55] } 14... c5 { [%eval 0.98] [%clk 0:53:51] } 15. O-O { [%eval 0.68] [%clk 0:45:31] } 15... a6 { [%eval 0.77] [%clk 0:46:23] } 16. Qg2 { [%eval 0.75] [%clk 0:38:52] } 16... Nc6 { [%eval 0.69] [%clk 0:39:19] } 17. Nce2?! { [%eval -0.07] } { Inaccuracy. Rad1 was best. } { [%clk 0:28:19] } (17. Rad1 cxd4) 17... Rfe8 { [%eval -0.08] [%clk 0:38:17] } 18. Rf3 { [%eval -0.17] [%clk 0:25:28] } 18... Nb4 { [%eval -0.08] [%clk 0:27:43] } 19. Bb1 { [%eval -0.16] [%clk 0:21:40] } 19... cxd4 { [%eval -0.12] [%clk 0:25:59] } 20. exd4 { [%eval -0.21] } 20... Rac8 { [%eval -0.18] [%clk 0:26:12] } 21. Nc3?! { [%eval -1.26] } { Inaccuracy. Rc3 was best. } { [%clk 0:11:43] } (21. Rc3 Nc6 22. Qf2 Nb6 23. h4 h6 24. Rh3 Qe7 25. Bd3 Nb4 26. Nc3 Nxd3 27. Rxd3 Nc4) 21... Re1+ { [%eval -1.51] [%clk 0:18:57] } 22. Rf1 { [%eval -1.44] [%clk 0:12:01] } 22... Qxf4 { [%eval -1.53] [%clk 0:18:25] } 23. Rxe1 { [%eval -1.55] [%clk 0:12:20] } 23... Qxd4+ { [%eval -1.39] [%clk 0:18:50] } 24. Kh1?! { [%eval -2.14] } { Inaccuracy. Qf2 was best. } { [%clk 0:12:16] } (24. Qf2 Qxg4+ 25. Kh1 Ne5 26. Rg1 Qf3+ 27. Qxf3 Nxf3 28. Rf1 Nd2 29. Rf4 Nc4 30. Kg1 Nc6) 24... Ne5? { [%eval -0.75] } { Mistake. Rxc3 was best. } { [%clk 0:13:50] } (24... Rxc3 25. bxc3 Qxc3 26. Be4 dxe4 27. Rac1 Qd4 28. Rxe4 Qd3 29. Rc8+ Nf8 30. Kg1 Qb1+ 31. Kf2) 25. h3 { [%eval -1.2] [%clk 0:11:06] } 25... h5 { [%eval -0.67] [%clk 0:09:24] } 26. Rd1? { [%eval -2.36] } { Mistake. a3 was best. } { [%clk 0:06:13] } (26. a3) 26... Qe3 { [%eval -2.11] [%clk 0:09:18] } 27. a3?! { [%eval -3.33] } { Inaccuracy. g5 was best. } { [%clk 0:05:58] } (27. g5 fxg5 28. Rf1 g4 29. a3 Nbd3 30. Bxd3 Nxd3 31. hxg4 hxg4 32. Rad1 g3 33. Rf3 Nf2+) 27... hxg4 { [%eval -3.23] [%clk 0:04:56] } 28. hxg4 { [%eval -3.35] [%clk 0:04:31] } 28... Rc4 { [%eval -3.47] [%clk 0:04:03] } 29. Be4 { [%eval -4.01] [%clk 0:03:06] } 29... Nbc6 { [%eval -3.77] [%clk 0:02:54] } 30. Bxd5? { [%eval -6.05] } { Mistake. Re1 was best. } { [%clk 0:02:32] } (30. Re1 Qh6+ 31. Qh2 Qxh2+ 32. Kxh2 dxe4 33. Rxe4 Nxg4+ 34. Kg3 Nh6 35. Rxc4 Bxc4 36. Kf4 Nd4) 30... Rxg4 { [%eval -5.99] [%clk 0:02:30] } 31. Bxf7+ { [%eval -6.27] [%clk 0:02:57] } 31... Kxf7 { [%eval -6.07] [%clk 0:02:14] } 32. Qd5+?? { [%eval #-15] } { Checkmate is now unavoidable. Rd7+ was best. } { [%clk 0:02:55] } (32. Rd7+ Kg8 33. Rd2 Rh4+ 34. Qh2 Rxh2+ 35. Rxh2 Ng4 36. Rg1 Qf3+ 37. Rgg2 Nce5 38. Ne2 Qf1+) 32... Kf8 { [%eval #-15] [%clk 0:02:36] } 33. Rd2 { [%eval #-12] } 33... Nf3 { [%eval -7.59] [%clk 0:01:38] } 34. Qd6+ { [%eval -7.26] [%clk 0:01:27] } 34... Kg8?! { [%eval -4.75] } { Inaccuracy. Ne7 was best. } { [%clk 0:01:50] } (34... Ne7 35. Rg2 Rh4+ 36. Rh2 Rxh2+ 37. Qxh2 Nxh2 38. Kxh2 Qf2+ 39. Kh1 Nxf5 40. Rg1 Qh4+ 41. Kg2) 35. Qd5+?? { [%eval #-16] } { Checkmate is now unavoidable. Qe6+ was best. } { [%clk 0:01:04] } (35. Qe6+ Qxe6 36. fxe6 Nxd2 37. b4 Kf8 38. b5 axb5 39. Rd1 Nf3 40. Nxb5 Ke7 41. a4 Kxe6) 35... Kh7 { [%eval #-15] [%clk 0:01:36] } 0-1

[Event "37th Reykjavik op"]
[Site "Reykjavik ISL"]
[Date "2024.03.16"]
[Round "3.33"]
[White "Fernandez, Daniel Howard"]
[Black "Soderstrom, Adrian"]
[WhiteElo "2532"]
[BlackElo "2288"]
[Result "0-1"]
[EventDate "2024.03.15"]
[PlyCount "176"]

1. Nf3 { [%eval 0.2] [%clk 1:29:05] } 1... d5 { [%eval 0.2] [%clk 1:30:44] } 2. e3 { [%eval 0.04] [%clk 1:26:52] } 2... Nf6 { [%eval 0.05] [%clk 1:31:05] } 3. c4 { [%eval 0.18] [%clk 1:27:19] } 3... e6 { [%eval 0.17] [%clk 1:30:30] } 4. Nc3 { [%eval 0.01] [%clk 1:27:37] } 4... c6 { [%eval 0.29] [%clk 1:28:41] } 5. b3 { [%eval 0.05] [%clk 1:27:42] } 5... Bd6 { [%eval 0.21] [%clk 1:29:01] } 6. Bb2 { [%eval 0.09] [%clk 1:24:43] } 6... O-O { [%eval 0.27] [%clk 1:29:07] } 7. d4 { [%eval 0.1] [%clk 1:09:36] } 7... Nbd7 { [%eval 0.17] [%clk 1:27:55] } 8. Qc2 { [%eval 0.0] [%clk 1:09:12] } 8... e5 { [%eval 0.02] [%clk 1:27:39] } 9. cxd5 { [%eval 0.0] [%clk 1:04:36] } 9... cxd5 { [%eval -0.03] [%clk 1:27:42] } 10. dxe5 { [%eval -0.01] [%clk 0:58:38] } 10... Nxe5 { [%eval 0.0] [%clk 1:28:09] } 11. Be2 { [%eval -0.5] [%clk 0:58:41] } 11... Nxf3+ { [%eval -0.4] [%clk 1:26:24] } 12. Bxf3 { [%eval -0.46] [%clk 0:59:09] } 12... d4 { [%eval -0.51] [%clk 1:26:46] } 13. exd4?! { [%eval -1.07] } { Inaccuracy. Ne4 was best. } { [%clk 0:59:30] } (13. Ne4 Bb4+ 14. Kf1 Nxe4 15. Qxe4 Bc3 16. Qc2 Bxb2 17. Qxb2 dxe3 18. fxe3 h5 19. h3 Re8) 13... Re8+ { [%eval -1.09] [%clk 1:26:43] } 14. Kf1 { [%eval -1.14] [%clk 0:59:31] } 14... Qa5 { [%eval -1.13] [%clk 1:15:47] } 15. h3 { [%eval -1.5] [%clk 0:55:39] } 15... Bf5 { [%eval -1.46] [%clk 1:14:21] } 16. Qd2 { [%eval -1.26] [%clk 0:56:05] } 16... Rac8 { [%eval -1.54] [%clk 1:12:14] } 17. g4 { [%eval -1.54] [%clk 0:55:33] } 17... Bb4 { [%eval -1.52] [%clk 1:09:24] } 18. gxf5 { [%eval -1.55] [%clk 0:55:54] } 18... Rxc3 { [%eval -1.45] [%clk 1:08:04] } 19. Bxc3 { [%eval -1.49] [%clk 0:55:19] } 19... Bxc3 { [%eval -1.46] [%clk 1:08:32] } 20. Qd1 { [%eval -1.57] [%clk 0:55:40] } 20... Bxa1 { [%eval -1.33] [%clk 1:07:59] } 21. Qxa1 { [%eval -1.46] [%clk 0:56:07] } 21... Qxf5 { [%eval -1.47] [%clk 1:07:17] } 22. Qd1?! { [%eval -2.23] } { Inaccuracy. Qc3 was best. } { [%clk 0:53:39] } (22. Qc3 Nd5 23. Bxd5 Qxd5 24. Rg1 Rd8 25. Rg3 Qxd4 26. Qxd4 Rxd4 27. Rc3 g6 28. Kg2 Kg7) 22... Ne4 { [%eval -2.08] [%clk 1:02:18] } 23. Bxe4 { [%eval -2.14] [%clk 0:50:50] } 23... Rxe4 { [%eval -2.26] [%clk 1:02:30] } 24. Kg2 { [%eval -2.39] [%clk 0:51:02] } 24... Qg5+ { [%eval -2.23] [%clk 1:02:08] } 25. Kh2 { [%eval -2.3] [%clk 0:51:17] } 25... Qf4+ { [%eval -2.26] [%clk 1:02:14] } 26. Kg2 { [%eval -2.42] [%clk 0:51:45] } 26... Rxd4?! { [%eval -1.52] } { Inaccuracy. Qg5+ was best. } { [%clk 1:02:27] } (26... Qg5+ 27. Kh2 Qf6 28. Kg2 Rxd4 29. Qf3 Rf4 30. Qe3 h6 31. Rc1 a6 32. Rc8+ Kh7 33. Qd3+) 27. Re1 { [%eval -1.56] [%clk 0:50:51] } 27... g6 { [%eval -1.6] [%clk 1:00:31] } 28. Qa1 { [%eval -2.06] [%clk 0:51:05] } 28... Qg5+ { [%eval -1.97] [%clk 0:59:58] } 29. Kf1 { [%eval -2.33] } 29... Qb5+ { [%eval -2.1] [%clk 1:00:16] } 30. Kg1 { [%eval -2.08] [%clk 0:50:13] } 30... Qg5+ { [%eval -2.15] [%clk 0:59:37] } 31. Kf1 { [%eval -2.48] [%clk 0:50:41] } 31... Qd5 { [%eval -2.51] [%clk 0:59:34] } 32. Kg1 { [%eval -2.73] [%clk 0:50:41] } 32... h5 { [%eval -2.48] [%clk 0:57:16] } 33. Qc3 { [%eval -2.75] [%clk 0:44:21] } 33... Qd7?! { [%eval -1.74] } { Inaccuracy. a6 was best. } { [%clk 0:56:22] } (33... a6 34. Qe3 Rd3 35. Qe4 Qxe4 36. Rxe4 Rxh3 37. Re7 b5 38. Ra7 Rh4 39. Rxa6 b4 40. Ra4) 34. Qe3 { [%eval -1.81] [%clk 0:38:54] } 34... Kh7 { [%eval -1.73] [%clk 0:55:01] } 35. Qe7 { [%eval -1.81] [%clk 0:38:25] } 35... Rd1 { [%eval -1.66] [%clk 0:53:36] } 36. Kh2 { [%eval -1.62] [%clk 0:36:24] } 36... Rd2 { [%eval -1.36] [%clk 0:52:25] } 37. Qxd7 { [%eval -1.41] [%clk 0:35:02] } 37... Rxd7 { [%eval -1.48] [%clk 0:52:53] } 38. Kg3 { [%eval -1.49] [%clk 0:35:16] } 38... Kg7 { [%eval -1.53] [%clk 0:53:01] } 39. h4 { [%eval -1.51] [%clk 0:35:29] } 39... Kf6 { [%eval -1.4] [%clk 0:53:23] } 40. Rc1 { [%eval -1.42] [%clk 0:34:32] } 40... Ke6 { [%eval -1.46] [%clk 0:51:56] } 41. f3 { [%eval -1.4] [%clk 0:34:30] } 41... b6 { [%eval -1.42] [%clk 0:49:40] } 42. a4 { [%eval -1.55] [%clk 0:31:31] } 42... f6 { [%eval -0.98] [%clk 0:44:59] } 43. Rc6+?! { [%eval -1.61] } { Inaccuracy. b4 was best. } { [%clk 0:30:18] } (43. b4) 43... Ke5 { [%eval -1.51] [%clk 0:45:18] } 44. a5?! { [%eval -2.58] } { Inaccuracy. b4 was best. } { [%clk 0:29:49] } (44. b4 Rd6) 44... bxa5 { [%eval -2.5] [%clk 0:45:11] } 45. Ra6 { [%eval -2.48] [%clk 0:30:14] } 45... Rd5 { [%eval -2.35] [%clk 0:45:12] } 46. Rxa7 { [%eval -2.26] [%clk 0:30:23] } 46... Kd4?! { [%eval -1.53] } { Inaccuracy. Rb5 was best. } { [%clk 0:45:00] } (46... Rb5 47. Ra6 Kd4 48. Rxf6 Kc3 49. f4 Kxb3 50. Rxg6 a4 51. Rg5 Kc4 52. f5 a3 53. f6) 47. Ra6?! { [%eval -2.25] } { Inaccuracy. Rb7 was best. } { [%clk 0:24:09] } (47. Rb7 Kc3 48. Rb8 g5 49. Rb6 Kc2 50. Kh3 Rf5 51. Kg3 Kb2 52. Kg2 Kc3 53. Rb8 gxh4) 47... Kc3 { [%eval -1.76] [%clk 0:39:42] } 48. Rb6 { [%eval -1.31] [%clk 0:24:37] } 48... Rf5 { [%eval -1.94] [%clk 0:39:50] } 49. Rb7 { [%eval -1.78] [%clk 0:22:28] } 49... Kb2 { [%eval -2.01] [%clk 0:39:35] } 50. Rb6 { [%eval -1.74] [%clk 0:22:43] } 50... Ka3 { [%eval -1.34] [%clk 0:40:03] } 51. Rb7 { [%eval -2.21] [%clk 0:22:34] } 51... g5 { [%eval -2.32] [%clk 0:38:42] } 52. Rb8 { [%eval -2.26] [%clk 0:20:21] } 52... gxh4+ { [%eval -2.12] [%clk 0:37:01] } 53. Kh2 { [%eval -1.87] [%clk 0:19:51] } 53... Kb2 { [%eval -1.87] [%clk 0:35:27] } 54. Rb7 { [%eval -1.65] [%clk 0:20:08] } 54... Kc3? { [%eval -0.12] } { Mistake. Kc2 was best. } { [%clk 0:35:25] } (54... Kc2 55. Rb6 Rd5 56. f4 f5 57. Rb8 h3 58. Rb7 Rd2+ 59. Kh1 Rd1+ 60. Kh2 Rd5 61. Rb6) 55. Rb6 { [%eval -0.17] [%clk 0:20:18] } 55... Kc2 { [%eval -0.16] [%clk 0:32:34] } 56. Rb7? { [%eval -1.55] } { Mistake. f4 was best. } { [%clk 0:19:45] } (56. f4) 56... h3? { [%eval -0.08] } { Mistake. Rd5 was best. } { [%clk 0:31:00] } (56... Rd5 57. Kg2 f5 58. f4 h3+ 59. Kh2 Rd2+ 60. Kh1 Kd3 61. Re7 Rf2 62. Re5 Rxf4 63. Kh2) 57. Rb6 { [%eval -0.12] [%clk 0:18:41] } 57... Rxf3 { [%eval -0.04] [%clk 0:31:12] } 58. Rb5 { [%eval -0.04] [%clk 0:19:03] } 58... Rxb3 { [%eval 0.0] [%clk 0:31:26] } 59. Rxa5 { [%eval 0.0] [%clk 0:19:30] } 59... Rf3 { [%eval -0.02] [%clk 0:31:36] } 60. Rxh5 { [%eval 0.0] [%clk 0:19:35] } 60... Kd3 { [%eval -0.02] [%clk 0:31:44] } 61. Ra5 { [%eval -0.01] [%clk 0:19:49] } 61... Ke4 { [%eval -0.02] [%clk 0:31:55] } 62. Ra4+ { [%eval -0.02] [%clk 0:20:02] } 62... Kf5 { [%eval -0.04] [%clk 0:32:22] } 63. Rb4 { [%eval -0.04] [%clk 0:19:21] } 63... Kg5 { [%eval 0.0] [%clk 0:32:49] } 64. Ra4 { [%eval 0.0] [%clk 0:19:44] } 64... f5 { [%eval 0.0] [%clk 0:33:16] } 65. Rb4 { [%eval -0.04] [%clk 0:20:02] } 65... Re3 { [%eval -0.01] [%clk 0:33:12] } 66. Ra4 { [%eval 0.0] [%clk 0:15:32] } 66... f4 { [%eval 0.0] [%clk 0:33:35] } 67. Ra8 { [%eval -0.01] [%clk 0:15:18] } 67... Kg4 { [%eval -0.03] [%clk 0:34:03] } 68. Rg8+ { [%eval -0.04] [%clk 0:15:40] } 68... Kf3 { [%eval -0.03] [%clk 0:34:30] } 69. Ra8?? { [%eval -4.4] } { Blunder. Rf8 was best. } { [%clk 0:12:18] } (69. Rf8 Re6 70. Ra8 Re7 71. Ra6 Re8 72. Ra7 Rh8 73. Ra1 Rb8 74. Ra7 Re8 75. Ra6 Rc8) 69... Re7?? { [%eval -0.03] } { Blunder. Kf2 was best. } { [%clk 0:34:10] } (69... Kf2 70. Ra1 Re1 71. Ra2+ Kf1 72. Ra3 Re2+ 73. Kh1 Re3 74. Ra1+ Re1 75. Ra2 f3 76. Ra7) 70. Ra6 { [%eval -0.04] [%clk 0:11:37] } 70... Kf2 { [%eval 0.0] [%clk 0:32:14] } 71. Kxh3 { [%eval 0.0] [%clk 0:08:49] } 71... f3 { [%eval 0.0] [%clk 0:31:54] } 72. Ra2+ { [%eval 0.0] [%clk 0:08:23] } 72... Re2 { [%eval 0.0] [%clk 0:32:16] } 73. Ra1 { [%eval 0.0] [%clk 0:08:23] } 73... Rd2 { [%eval 0.0] [%clk 0:30:37] } 74. Kh2 { [%eval 0.0] [%clk 0:02:54] } 74... Rd8 { [%eval 0.0] [%clk 0:28:26] } 75. Ra2+ { [%eval 0.0] [%clk 0:02:52] } 75... Ke3 { [%eval 0.0] [%clk 0:28:17] } 76. Ra3+ { [%eval 0.0] [%clk 0:03:10] } 76... Rd3 { [%eval 0.0] [%clk 0:27:18] } 77. Ra1 { [%eval 0.0] [%clk 0:03:08] } 77... Rd7 { [%eval 0.0] [%clk 0:25:05] } 78. Ra3+ { [%eval 0.0] [%clk 0:03:15] } 78... Ke2 { [%eval 0.0] [%clk 0:25:26] } 79. Ra2+ { [%eval 0.0] [%clk 0:03:17] } 79... Rd2 { [%eval 0.0] [%clk 0:25:54] } 80. Ra1 { [%eval 0.0] [%clk 0:03:28] } 80... Kf2 { [%eval 0.0] [%clk 0:25:33] } 81. Rc1 { [%eval 0.0] [%clk 0:02:35] } 81... Rd8 { [%eval 0.0] [%clk 0:18:11] } 82. Rc2+ { [%eval 0.0] [%clk 0:02:53] } 82... Ke3 { [%eval 0.0] [%clk 0:18:33] } 83. Rc3+?? { [%eval -4.37] } { Blunder. Kg3 was best. } { [%clk 0:02:59] } (83. Kg3 f2 84. Rc1 Rd7 85. Ra1 Rg7+ 86. Kh2 Rg8 87. Ra3+ Ke4 88. Ra4+ Kd3 89. Ra1 Ke2) 83... Ke2 { [%eval -3.84] [%clk 0:18:45] } 84. Rc2+?! { [%eval -5.43] } { Inaccuracy. Kg3 was best. } { [%clk 0:03:08] } (84. Kg3 Rg8+ 85. Kh2 Rf8 86. Rc2+ Kd1 87. Rf2 Ke1 88. Kg3 Rg8+ 89. Kxf3 Rf8+ 90. Ke3 Rxf2) 84... Rd2 { [%eval -4.19] [%clk 0:16:32] } 85. Rc1?! { [%eval -5.45] } { Inaccuracy. Rc8 was best. } { [%clk 0:03:12] } (85. Rc8 f2 86. Re8+ Kf1 87. Re5 Rd1 88. Re7 Rd5 89. Rf7 Rd2 90. Kh3 Ke1 91. Kg4 Rd4+) 85... Rd1 { [%eval -5.36] [%clk 0:16:53] } 86. Rc2+ { [%eval -5.47] } 86... Kf1?? { [%eval 0.0] } { Blunder. Kd3 was best. } (86... Kd3 87. Ra2 Rd2+ 88. Rxd2+ Kxd2 89. Kg3 Ke3 90. Kg4 f2 91. Kg5 Ke4 92. Kg4 Ke5 93. Kg5) 87. Rc1?? { [%eval #-9] } { Checkmate is now unavoidable. Kg3 was best. } (87. Kg3 Rd3 88. Rf2+ Kg1 89. Rxf3 Rxf3+ 90. Kxf3 Kh2 91. Ke4 Kg3 92. Kf5 Kf3 93. Kg6 Kf4) 87... Ke2?? { [%eval -4.73] } { Lost forced checkmate sequence. Rxc1 was best. } (87... Rxc1 88. Kg3 f2 89. Kf4 Ke2 90. Kf5 f1=Q+ 91. Ke5 Qf3 92. Ke6 Qc6+ 93. Ke7 Rd1 94. Kf8) 88. Rc2+ { [%eval -4.22] } 88... Kd3 0-1

[Event "37th Reykjavik op"]
[Site "Reykjavik ISL"]
[Date "2024.03.16"]
[Round "3.35"]
[White "Unzicker, Ferdinand, Dr."]
[Black "Krzyzanowski, Marcin"]
[WhiteElo "2284"]
[BlackElo "2524"]
[Result "0-1"]
[EventDate "2024.03.15"]
[PlyCount "100"]

1. c4 { [%eval 0.16] [%clk 1:30:58] } 1... e5 { [%eval 0.25] [%clk 1:30:52] } 2. g3 { [%eval 0.13] [%clk 1:31:10] } 2... Nf6 { [%eval 0.29] [%clk 1:30:42] } 3. Bg2 { [%eval 0.16] [%clk 1:31:24] } 3... d5 { [%eval 0.35] [%clk 1:31:06] } 4. cxd5 { [%eval 0.17] [%clk 1:31:46] } 4... Nxd5 { [%eval 0.4] [%clk 1:31:30] } 5. Nc3 { [%eval 0.16] [%clk 1:31:53] } 5... Nb6 { [%eval 0.23] [%clk 1:31:49] } 6. Nf3 { [%eval 0.24] [%clk 1:31:59] } 6... Nc6 { [%eval 0.09] [%clk 1:32:13] } 7. O-O { [%eval 0.2] [%clk 1:32:04] } 7... Be7 { [%eval 0.09] [%clk 1:32:21] } 8. d3 { [%eval 0.16] [%clk 1:31:44] } 8... O-O { [%eval 0.21] [%clk 1:32:45] } 9. Be3 { [%eval 0.13] [%clk 1:31:32] } 9... Re8 { [%eval 0.08] [%clk 1:32:06] } 10. Rc1 { [%eval 0.07] [%clk 1:26:49] } 10... Bf8 { [%eval 0.11] [%clk 1:31:45] } 11. d4 { [%eval -0.09] [%clk 1:17:29] } 11... exd4 { [%eval -0.03] [%clk 1:27:11] } 12. Nxd4 { [%eval -0.1] [%clk 1:17:25] } 12... Nxd4 { [%eval -0.13] [%clk 1:27:06] } 13. Bxd4 { [%eval -0.09] [%clk 1:17:19] } 13... c6 { [%eval -0.05] [%clk 1:27:09] } 14. b3 { [%eval -0.14] [%clk 1:15:18] } 14... Bg4 { [%eval -0.06] [%clk 1:25:40] } 15. f3 { [%eval -0.04] [%clk 1:12:05] } 15... Be6 { [%eval -0.12] [%clk 1:25:27] } 16. e4 { [%eval -0.04] [%clk 1:12:27] } 16... Ba3 { [%eval 0.0] [%clk 1:23:48] } 17. Rc2 { [%eval -0.08] [%clk 1:10:27] } 17... Qe7 { [%eval -0.07] [%clk 1:24:00] } 18. Qa1 { [%eval -0.08] [%clk 1:09:20] } 18... Bc5 { [%eval 0.16] [%clk 1:22:24] } 19. Ne2 { [%eval 0.26] [%clk 1:06:33] } 19... Bxd4+ { [%eval 0.26] [%clk 1:22:08] } 20. Nxd4 { [%eval 0.13] [%clk 1:06:53] } 20... a5 { [%eval 0.43] [%clk 1:22:27] } 21. Qc3 { [%eval 0.41] [%clk 1:01:14] } 21... Qb4 { [%eval 0.51] [%clk 1:17:34] } 22. Nxe6 { [%eval 0.33] [%clk 0:54:26] } 22... Qxc3 { [%eval 0.29] [%clk 1:16:32] } 23. Rxc3 { [%eval 0.34] [%clk 0:54:45] } 23... fxe6 { [%eval 0.31] [%clk 1:15:22] } 24. Rd1 { [%eval 0.11] [%clk 0:54:42] } 24... Red8 { [%eval 0.1] [%clk 1:15:08] } 25. Rcd3 { [%eval 0.16] [%clk 0:54:50] } 25... Rxd3 { [%eval 0.16] [%clk 1:15:30] } 26. Rxd3 { [%eval 0.1] [%clk 0:55:14] } 26... a4 { [%eval 0.04] [%clk 1:15:05] } 27. b4 { [%eval 0.13] [%clk 0:50:14] } 27... Kf7 { [%eval 0.14] [%clk 1:14:18] } 28. Kf2 { [%eval 0.11] [%clk 0:49:35] } 28... Ke7 { [%eval 0.17] [%clk 1:14:06] } 29. Bf1 { [%eval 0.03] [%clk 0:41:09] } 29... Nd7 { [%eval 0.12] [%clk 1:08:33] } 30. Rc3 { [%eval 0.08] [%clk 0:35:07] } 30... a3 { [%eval 0.09] [%clk 1:05:31] } 31. Ke3 { [%eval 0.16] [%clk 0:30:53] } 31... Ra4 { [%eval 0.06] [%clk 1:02:55] } 32. Rb3 { [%eval 0.05] [%clk 0:29:56] } 32... c5?! { [%eval 0.73] } { Inaccuracy. g5 was best. } { [%clk 0:56:49] } (32... g5 33. Be2 e5 34. Rb1 h6 35. Bd1 Ra6 36. Rb3 Ra4 37. f4 b5 38. fxg5 hxg5 39. h3) 33. bxc5 { [%eval 0.98] [%clk 0:30:02] } 33... Nxc5 { [%eval 0.89] [%clk 0:57:14] } 34. Rb5 { [%eval 0.65] [%clk 0:19:06] } 34... Kd6 { [%eval 0.64] [%clk 0:56:57] } 35. e5+ { [%eval 0.66] [%clk 0:17:59] } 35... Kc6 { [%eval 0.67] [%clk 0:55:36] } 36. Rb1 { [%eval 0.67] [%clk 0:17:39] } 36... Ra5 { [%eval 0.74] [%clk 0:55:31] } 37. f4 { [%eval 0.76] [%clk 0:16:00] } 37... b5 { [%eval 0.78] [%clk 0:54:56] } 38. Kd4 { [%eval 0.5] [%clk 0:12:50] } 38... Kb6 { [%eval 0.67] [%clk 0:52:34] } 39. Kc3 { [%eval 0.42] [%clk 0:12:26] } 39... g6 { [%eval 0.48] [%clk 0:50:46] } 40. Be2 { [%eval 0.37] [%clk 0:12:13] } 40... Ne4+ { [%eval 0.48] [%clk 0:46:35] } 41. Kc2 { [%eval 0.07] [%clk 0:04:03] } 41... Nc5 { [%eval 0.32] [%clk 0:40:34] } 42. Rb4 { [%eval 0.19] [%clk 0:03:40] } 42... Na6 { [%eval 0.32] [%clk 0:38:22] } 43. Rd4 { [%eval -0.06] [%clk 0:28:45] } 43... Kc5 { [%eval 0.0] [%clk 1:06:45] } 44. Rd6 { [%eval 0.0] [%clk 0:27:57] } 44... Nb4+ { [%eval 0.0] [%clk 1:06:39] } 45. Kb1 { [%eval -0.07] [%clk 0:19:15] } 45... Nd5 { [%eval 0.0] [%clk 1:05:53] } 46. Kc2?? { [%eval -2.34] } { Blunder. Bg4 was best. } { [%clk 0:06:48] } (46. Bg4 Nc3+ 47. Ka1 Ne4 48. Rd7 Ra6 49. Rxh7 Kd4 50. Rc7 Ke3 51. Bd1 Ra8 52. Bc2 Rh8) 46... Ra4 { [%eval -2.2] [%clk 1:02:22] } 47. Bg4?? { [%eval -4.73] } { Blunder. Kb3 was best. } { [%clk 0:04:20] } (47. Kb3 Re4 48. Bd1 Rd4 49. Be2 Rd2 50. Bg4 Rb2+ 51. Kxa3 Rb1 52. Bf3 b4+ 53. Ka4 Nb6+) 47... Ne3+ { [%eval -4.7] [%clk 1:02:12] } 48. Kb3 { [%eval -4.74] [%clk 0:04:45] } 48... Nxg4 { [%eval -4.78] [%clk 1:02:23] } 49. Rxe6 { [%eval -4.81] [%clk 0:05:13] } 49... Ne3 { [%eval -4.78] [%clk 1:02:04] } 50. Re7? { [%eval -12.26] } { Mistake. Re8 was best. } { [%clk 0:05:27] } (50. Re8 Rb4+ 51. Kc3 Nd5+ 52. Kd3 Rd4+ 53. Ke2 Re4+ 54. Kf3 Re3+ 55. Kf2 Rc3 56. Rc8+ Kd4) 50... Rb4+ { [%eval -10.8] [%clk 1:02:30] } 0-1